000 00441nam a2200181Ia 4500
001 3891
005 20260306145716.0
008 260306t2016||||xx |||||||||||||| ||spa||
041 _aESP
082 _a305.3
_bG317
100 _aGari Muriel, Gary
_eAUT
245 0 _aImaginarios de género de docentes en formación
260 _c2016
300 _a123 páginas :
_c24 cm.
650 _aGEN
654 _aCHU
942 _cLIB
_dJUS
_fJUS
_2ddc
_n
999 _c3891
_d3891